000
00284nam a22001337a 4500
008
170404b xxu||||| |||| 00| 0 eng d
020
_a
9780766815605
041
_a
eng
080
_2
2ND
_a
574
100
_a
9
101
_a
SHM
245
_a
FLORICULTURE
_c
GRINER, CH
942
_2
udc
_c
BK
999
_c
9611
_d
9611